000
00213 a2200097 4500
001
45887
100
_a
Fowler H
245
_a
The concise oxford dictionary
260
_a
London
_b
Oxford
_c
090
_c
28989
_d
28989
942
_a
NUST-CAE
_c
M
_c
21100
999
_c
280960
_d
280960